Countries name in Thai - Statistics

General Stats
  • This quiz has been taken 403 times
  • The average score is 91 of 197
Answer Stats
THAI ENGLISH<answer> % Correct
กัมพูชา Cambodia
86%
กานา Ghana
82%
ไทย Thailand
80%
จีน China
79%
แคนาดา Canada
77%
เกาหลีใต้ South korea
75%
ญี่ปุ่น Japan
74%
กาบอง Gabon
71%
เคนยา Kenya
71%
เกาหลีเหนือ North korea
71%
บราซิล Brazil
70%
จอร์แดน Jordan
70%
ฟิจิ Fiji
69%
กรีซ Greece
69%
ปานามา Panama
69%
ฟินแลนด์ Finland
68%
นอร์เวย์ Norway
68%
เปรู Peru
68%
ไต้หวัน Taiwan
68%
โคลอมเบีย Colombia
67%
อินเดีย India
67%
เนปาล Nepal
67%
โปแลนด์ Poland
67%
ซูดาน Sudan
67%
ลาว Laos
66%
สหราชอาณาจักร United kingdom/uk
66%
สหรัฐ/สหรัฐอเมริกา United States/usa
66%
บรูไน Brunei
65%
เดนมาร์ก Denmark
65%
กาตาร์ Qatar
65%
อิตาลี Italy
63%
รัสเซีย Russia
63%
ซูดานใต้ South sudan
63%
ตุรกี Turkey
63%
ชิลี Chile
62%
กัวเตมาลา Guatemala
62%
ไอซ์แลนด์ Iceland
62%
โอมาน Oman
62%
สเปน Spain
61%
สวีเดน Sweden
61%
ฝรั่งเศส France
60%
เม็กซิโก Mexico
60%
มองโกเลีย Mongolia
60%
มาเลเซีย Malaysia
59%
นิวซีแลนด์ New zealand
59%
ชาด Chad
58%
เวียดนาม Vietnam
58%
ออสเตรเลีย Australia
57%
คิวบา Cuba
57%
อินโดนีเซีย Indonesia
57%
อิหร่าน Iran
57%
เลบานอน Lebanon
57%
โรมาเนีย Romania
57%
ซาอุดิอาระเบีย Saudi arabia
57%
อาร์เจนตินา Argentina
56%
เยอรมนี Germany
56%
ไนเจอร์ Niger
56%
เยเมน Yemen
56%
เบนิน Benin
55%
โบลิเวีย Bolivia
55%
แกมเบีย Gambia
55%
มาลี Mali
55%
ออสเตรีย Austria
54%
บาฮามาส Bahamas
54%
คาซัคสถาน Kazakhstan
54%
โมร็อกโก Morocco
54%
นามิเบีย Namibia
54%
สิงคโปร์ Singapore
54%
สวิตเซอร์แลนด์ Switzerland
54%
ดอมินีกา Dominica
53%
อียิปต์ Egypt
53%
โมนาโก Monaco
52%
ไนจีเรีย Nigeria
52%
ปากีสถาน Pakistan
52%
แอฟริกาใต้ South africa
52%
โตโก Togo
52%
เบลเยี่ยม Belgium
51%
แคเมอรูน Cameroon
51%
ฟิลิปปินส์ Philippines
51%
ฮังการี Hungary
50%
พม่า Myanmar
50%
อิรัก Iraq
49%
ไอร์แลนด์ Ireland
49%
ตูวาลู Tuvalu
49%
คอสตาริกา Costa rica
48%
จาเมกา Jamaica
48%
นาอูรู Nauru
48%
สโลวาเกีย Slovakia
48%
ติมอร์-เลสเต Timor leste
48%
ตูนิเซีย Tunisia
48%
เบลารุส Belarus
47%
ฮอนดูรัส Honduras
47%
อิสราเอล Israel
47%
คอซอวอ Kosovo
47%
โซมาเลีย Somalia
47%
ทาจิกิสถาน Tajikistan
47%
แองโกลา Angola
46%
บัลแกเรีย Bulgaria
46%
ปาเลสไตน์ Palestine
46%
กรีเนดา Grenada
45%
กายอานา Guyana
45%
คูเวต Kuwait
45%
สโลวีเนีย Slovenia
45%
ซิมบับเว Zimbabwe
45%
อาร์เมเนีย Armenia
44%
บุรุนดี Burundi
44%
จอร์เจีย Georgia
44%
เนเธอร์แลนด์ Netherlands
44%
ตองงา Tonga
44%
โครเอเชีย Croatia
43%
โปรตุเกส Portugal
43%
ซานมารีโน San marino
43%
เวเนซุเอลา Venezuela
43%
แอลจีเรีย Algeria
42%
ศรีลังกา Sri lanka
42%
แทนซาเนีย Tanzania
42%
ยูเครน Ukraine
42%
เอสโตเนีย Estonia
41%
แซมเบีย Zambia
41%
อัฟกานิสถาน Afghanistan
40%
ลัตเวีย Latvia
40%
มอลตา Malta
40%
เซเนกัล Senegal
40%
ซูรินาม Suriname
40%
ซีเรีย Syria
40%
ยูกันดา Uganda
40%
สหรัฐอาหรับเอมิเรตส์ United arab emirates/uae
40%
นครรัฐวาติกัน Vatican city
40%
แอลเบเนีย Albania
39%
เอธิโอเปีย Ethiopia
39%
มัลดีฟส์ Maldives
39%
นิการากัว Nicaragua
39%
ปารากวัย Paraguay
39%
เติร์กเมนิสถาน Turkmenistan
39%
อุรุกวัย Uruguay
39%
บังกลาเทศ Bangladesh
38%
ภูฏาน Bhutan
38%
บอสเนียและเฮอร์เซโกวีนา Bosnia and herzegovina
38%
บอตสวานา Botswana
38%
คอโมโรส Comoros
38%
กินี Guinea
38%
เฮติ Haiti
38%
บาห์เรน Bahrain
37%
มาดากัสการ์ Madagascar
37%
มาลาวี Malawi
37%
มอลโดวา Moldova
37%
รวันดา Rwanda
37%
คิริบาส/คิริบาติ Kiribati
35%
มอนเตเนโกร Montenegro
35%
อุซเบกิสถาน Uzbekistan
35%
วานูอาตู Vanuatu
35%
อันดอร์รา Andorra
34%
ไมโครนีเซีย Micronesia
34%
ปาเลา Palau
34%
ซามัว Samoa
34%
ปาปัวนิวกินี Papua new guinea
33%
อาเซอร์ไบจาน Azerbaijan
32%
คีร์กีซสถาน Kyrgyzstan
32%
ไลบีเรีย Liberia
32%
บาร์เบโดส Barbados
31%
ไซปรัส Cyprus
31%
เช็กเกีย<สาธารณรัฐเช็ก> Czechia
31%
สาธารณรัฐโดมินิกัน Dominican republic
31%
เอกวาดอร์ Ecaudor
31%
ลิทัวเนีย Lithuania
31%
ตรินิแดดและโตเบโก Trinidad and tobago
31%
กินี-บิสเซา Guinea bissau
30%
ลิเบีย Libya
30%
ลักเซมเบิร์ก Luxembourg
30%
เบลีซ Belize
28%
เอลซัลวาดอร์ El salvador
28%
เอริเทรีย Eritrea
27%
เอสวาตินี Eswatini
27%
เลโซโท Lesotho
27%
เซนต์ลูเซีย Saint lucia
27%
จิบูตี Djibouti
25%
โกตดิวัวร์ Ivory coast
24%
โมซัมบิก Mozambique
24%
หมู่เกาะโซโลมอน Solomon islands
24%
บูร์กินาฟาโซ Burkina faso
22%
มาซิโดเนียเหนือ North macedonia
22%
แอนทีกาและบาร์บิวดา Antigua and barbuda
21%
สาธารณรัฐแอฟริกากลาง Central african republic
21%
มอริเตเนีย Mauritania
21%
เซนต์คิตส์และเนวิส Saint kitts and nevis
21%
เซเชลส์ Seychelles
21%
หมู่เกาะมาร์แชลล์ Marshall islands
20%
กาบูเวอร์ดี Cabo verde
19%
อิเควทอเรียลกินี Equatorial guinea
17%
มอริเชียส Mauritius
17%
ลีชเทินชไตน์ Liechtenstein
15%
เซียร์ราลีโอน Sierra leone
15%
เซาตูแมอีปริงซีป Sao tome and principe
13%
สาธารณรัฐคองโก Republic of congo
11%
สาธารณรัฐประชาธิปไตยคองโก Democratic republic of congo
10%
เซนต์วินเซนต์และเกรนาดีนส์ Saint vincent and grenadines
9%
เซอร์เบีย Servia
3%
No matching quizzes found
Score Distribution
Percent of People with Each Score
Percentile by Number Answered
Your Score History
You have not taken this quiz